[Event "AUT-ch Eisenbahner"]
[Site "Wels"]
[Date "2009.05.22"]
[Round "2.3"]
[White "Mitteregger, Gottfried"]
[Black "Sulzbacher, Michael"]
[Result "0-1"]
[WhiteElo "1825"]
[BlackElo "2022"]
[PlyCount "65"]
[EventDate "2009.05.21"]
[EventType "swiss"]
[EventRounds "3"]
[EventCountry "AUT"]
[SourceTitle "EXT 2024"]
[Source "ChessBase"]
[SourceDate "2023.10.10"]
[SourceVersion "1"]
[SourceVersionDate "2023.10.10"]
[SourceQuality "1"]

1. e4 g6 2. d4 Bg7 3. Nc3 d6 4. Nf3 Bg4 5. Be2 Nc6 6. Be3 Bxf3 7. Bxf3 e5 8. Ne2 exd4 9. Nxd4 Nge7 10. c3 0-0 11. 0-0 a6 12. Be2 Nxd4 13. Bxd4 Nc6 14. Bxg7 Kxg7 15. f4 f6 16. Bf3 Rb8 17. g3 Qe7 18. Qd5 h6 19. Rae1 Rfe8 20. Re2 Qf7 21. Rfe1 Re7 22. b3 Rbe8 23. Qd3 Nd8 24. Bg4 a5 25. Qf3 Nc6 26. h4 a4 27. h5 axb3 28. hxg6 Qc4 29. axb3 Qxb3 30. Rh2 Rh8 31. Qd3 Nb4 32. Qd2 Na6 33. Qd4 0-1